header

Spiritual warfare and six other spiritual writings / (Record no. 117959)

MARC details
000 -LEADER
fixed length control field 02088nam a22004211i 4500
001 - CONTROL NUMBER
control field ebr10756316
003 - CONTROL NUMBER IDENTIFIER
control field CaPaEBR
006 - FIXED-LENGTH DATA ELEMENTS--ADDITIONAL MATERIAL CHARACTERISTICS--GENERAL INFORMATION
fixed length control field m o d
007 - PHYSICAL DESCRIPTION FIXED FIELD--GENERAL INFORMATION
fixed length control field cr cn|||||||||
008 - FIXED-LENGTH DATA ELEMENTS--GENERAL INFORMATION
fixed length control field 120710s2012 nyu o 001 0 eng d
020 ## - INTERNATIONAL STANDARD BOOK NUMBER
Cancelled/invalid ISBN 1576593444 (pbk.)
Cancelled/invalid ISBN 9781576593448
International Standard Book Number 9781576593554 (e-book)
040 ## - CATALOGING SOURCE
Original cataloging agency CaPaEBR
Language of cataloging eng
Description conventions rda
-- pn
Transcribing agency CaPaEBR
035 ## - SYSTEM CONTROL NUMBER
System control number (OCoLC)861528318
041 1# - LANGUAGE CODE
Language code of text/sound track or separate title eng
Language code of original and/or intermediate translations of text lat
050 14 - LIBRARY OF CONGRESS CALL NUMBER
Classification number B765.O52
Item number E5 2012eb
082 04 - DEWEY DECIMAL CLASSIFICATION NUMBER
Classification number 230/.2
Edition number 23
100 1# - MAIN ENTRY--PERSONAL NAME
Personal name Olivi, Pierre Jean,
Dates associated with a name 1248 or 1249-1298.
240 10 - UNIFORM TITLE
Uniform title <a href="Works.">Works.</a>
Form subheading Selections.
Language of a work English.
Date of a work 2012
245 10 - TITLE STATEMENT
Title Spiritual warfare and six other spiritual writings /
Statement of responsibility, etc by Peter of John Olivi ; translation, introductions, and notes by Robert J. Karris.
264 #1 - PRODUCTION, PUBLICATION, DISTRIBUTION, MANUFACTURE, AND COPYRIGHT NOTICE
Place of production, publication, distribution, manufacture St. Bonaventure, New York :
Name of producer, publisher, distributor, manufacturer Franciscan Institute Publications,
Date of production, publication, distribution, manufacture, or copyright notice 2012.
300 ## - PHYSICAL DESCRIPTION
Extent 1 online resource (129 pages)
336 ## - CONTENT TYPE
Content type term text
Source rdacontent
337 ## - MEDIA TYPE
Media type term computer
Source rdamedia
338 ## - CARRIER TYPE
Carrier type term online resource
Source rdacarrier
500 ## - GENERAL NOTE
General note Includes indexes.
505 0# - FORMATTED CONTENTS NOTE
Formatted contents note The prayer of thanksgiving -- Lessons on growth in the spiritual life -- Remedies against spiritual temptations -- Commentary on Luke 1:26-38: Mary's devout prayer, vigilance, and loving obedience -- Treatise on the Lord's prayer -- The seven sentiments of Christ Jesus -- Spiritual warfare, or, The armed soldier.
588 ## - SOURCE OF DESCRIPTION NOTE
Source of description note Description based on print version record.
590 ## - LOCAL NOTE (RLIN)
Local note Electronic reproduction. Palo Alto, Calif. : ebrary, 2013. Available via World Wide Web. Access may be limited to ebrary affiliated libraries.
650 #0 - SUBJECT ADDED ENTRY--TOPICAL TERM
Topical term or geographic name as entry element Philosophy, Medieval.
Topical term or geographic name as entry element Philosophy.
655 #0 - INDEX TERM--GENRE/FORM
Genre/form data or focus term Electronic books.
700 1# - ADDED ENTRY--PERSONAL NAME
Personal name Karris, Robert J.
776 08 - ADDITIONAL PHYSICAL FORM ENTRY
Display text Print version:
Main entry heading Olivi, Pierre Jean.
Title Spiritual warfare and six other spiritual writings.
Place, publisher, and date of publication St. Bonaventure, New York : Franciscan Institute Publications, 2012
Physical description 128 pages
International Standard Book Number 9781576593448
Record control number (DLC) 2012023680
797 2# - LOCAL ADDED ENTRY--CORPORATE NAME (RLIN)
Corporate name or jurisdiction name as entry element ebrary.
856 40 - ELECTRONIC LOCATION AND ACCESS
Uniform Resource Identifier <a href="http://site.ebrary.com/lib/rucke/Doc?id=10756316">http://site.ebrary.com/lib/rucke/Doc?id=10756316</a>
Public note An electronic book accessible through the World Wide Web; click to view

No items available.

© 2026 Rongo University
Contact us: librarian | system librarian | Rongo university